[Event "ch-FRA Blitz 2019"]
[Site "Le Blanc-Mesnil FRA"]
[Date "2019.06.01"]
[Round "9.1"]
[White "Fier, A."]
[Black "Donchenko, Alexa"]
[Result "1-0"]
[WhiteElo "2543"]
[BlackElo "2618"]
[PlyCount "71"]
[EventDate "2019.06.01"]
[EventType "swiss (blitz)"]
[EventRounds "23"]
[EventCountry "FRA"]
[SourceTitle "The Week in Chess 1282"]
[Source "Mark Crowther"]
[SourceDate "2019.06.03"]
[SourceVersion "1"]
[SourceVersionDate "2019.06.03"]
[SourceQuality "2"]

1. d4 Nf6 2. Bg5 d5 3. e3 c5 4. Bxf6 gxf6 5. Nc3 Nc6 6. Qh5 cxd4 7. exd4 e6 8.
Nf3 f5 9. Bb5 Bd7 10. O-O Qf6 11. Rad1 Bd6 12. Rfe1 O-O-O 13. Bxc6 Bxc6 14. Ne5
Bxe5 15. Rxe5 Qg6 16. Qf3 h5 17. h3 Kb8 18. Ne2 Rc8 19. c3 Bd7 20. Nf4 Qg5 21.
Nd3 b6 22. Ree1 Ba4 23. b3 Bc6 24. Ne5 Qg7 25. c4 Bb7 26. c5 bxc5 27. Nd7+ Ka8
28. Nxc5 h4 29. b4 Rhg8 30. Rd3 Bc6 31. a4 Qg5 32. b5 Bb7 33. a5 Rc7 34. b6
Rxc5 35. dxc5 d4 36. c6 1-0

[Event "Izmir op 12th"]
[Site "Izmir"]
[Date "2013.09.07"]
[Round "8"]
[White "Fier, Alexandr"]
[Black "Rozum, Ivan"]
[Result "1-0"]
[WhiteElo "2592"]
[BlackElo "2525"]
[PlyCount "49"]
[EventDate "2013.09.01"]
[EventType "swiss"]
[EventRounds "9"]
[EventCountry "TUR"]
[SourceTitle "CBM 156 Extra"]
[Source "ChessBase"]
[SourceDate "2013.10.22"]
[SourceVersion "1"]
[SourceVersionDate "2013.10.22"]
[SourceQuality "1"]

1. d4 Nf6 2. Bg5 e6 3. e4 h6 4. Bxf6 Qxf6 5. c3 d6 6. Bd3 g6 7. Ne2 Qe7 8. O-O
Bg7 9. f4 e5 10. f5 Nc6 11. Bc4 gxf5 12. exf5 Bd7 13. Nd2 Na5 14. Bd5 O-O-O 15.
b4 Nc6 16. b5 Nb8 17. f6 Bxf6 18. Ne4 Bg5 19. Rxf7 Qe8 20. Qb3 Bg4 21. b6 axb6
22. Qxb6 Qxf7 23. Qxb7+ Kd7 24. Bxf7 Bxe2 25. Qd5 1-0

[Event "Wch Rapid"]
[Site "Dubai"]
[Date "2014.06.18"]
[Round "15"]
[White "Fier, Alexandr"]
[Black "Al Sayed, Mohammed"]
[Result "1-0"]
[WhiteElo "2580"]
[BlackElo "2505"]
[PlyCount "71"]
[EventDate "2014.06.16"]
[EventType "swiss (rapid)"]
[EventRounds "15"]
[EventCountry "UAE"]
[SourceTitle "CBM 160 Extra"]
[Source "ChessBase"]
[SourceDate "2014.07.01"]
[SourceVersion "1"]
[SourceVersionDate "2014.07.01"]
[SourceQuality "1"]

1. d4 Nf6 2. Bg5 d5 3. e3 c5 4. Bxf6 gxf6 5. Nc3 cxd4 6. exd4 Nc6 7. Qh5 e6 8.
Nf3 Bd7 9. Bd3 Qe7 10. O-O O-O-O 11. Rfe1 Be8 12. Ne2 Qc7 13. a3 Kb8 14. Rac1
h6 15. c4 dxc4 16. Bxc4 Qb6 17. b4 Ne7 18. Qh4 Ng6 19. Qe4 Bc6 20. Qe3 h5 21.
Qb3 Rg8 22. b5 Bd5 23. Bxd5 Rxd5 24. Nc3 Rf5 25. Re3 Bh6 26. Na4 Qxb5 27. Qc2
Qc6 28. Rc3 Qe8 29. Rb1 Rb5 30. Nc5 Nf4 31. Rcb3 Rxb3 32. Rxb3 Qc6 33. g3 b6
34. Qh7 Rg6 35. Qxf7 Rg7 36. Qxf6 1-0

[Event "Titled Tuesday 23rd Feb"]
[Site "chess.com INT"]
[Date "2021.02.23"]
[Round "9"]
[White "Firouzja, Alireza"]
[Black "Kuzubov, Y."]
[Result "1-0"]
[WhiteElo "2749"]
[BlackElo "2642"]
[PlyCount "95"]
[EventDate "2021.02.23"]
[EventType "swiss (blitz)"]
[EventRounds "11"]
[SourceTitle "The Week in Chess 1373"]
[Source "Mark Crowther"]
[SourceDate "2021.03.01"]
[SourceVersion "1"]
[SourceVersionDate "2021.03.01"]
[SourceQuality "2"]

1. d4 Nf6 2. Bg5 d5 3. e3 e6 4. Bd3 Be7 5. Nd2 Nbd7 6. f4 b6 7. Ngf3 Bb7 8. O-O
Ne4 9. Bxe7 Qxe7 10. c3 f5 11. Rc1 O-O 12. Qe2 c5 13. Rfd1 c4 14. Bc2 b5 15.
Kh1 a5 16. Rg1 b4 17. Bb1 a4 18. cxb4 Qxb4 19. Nxe4 fxe4 20. Ng5 Qe7 21. a3
Rab8 22. Bc2 Bc6 23. Bd1 Rb7 24. Rc2 Rb3 25. Qe1 Rfb8 26. Bg4 Nf8 27. Qf2 h6
28. Nh3 Qb7 29. f5 exf5 30. Qxf5 Qf7 31. Qe5 Re8 32. Qd6 Qf6 33. Qg3 Ng6 34.
Rf2 Qh4 35. Qd6 Qxg4 36. Qxc6 Rd8 37. Qc7 Qd7 38. Qg3 Qe6 39. Rgf1 Rdb8 40. Rf6
Qe8 41. Rxg6 R8b7 42. Nf4 Rxb2 43. Nh5 Rb1 44. Rg1 Rxg1+ 45. Kxg1 Rb1+ 46. Kf2
Qf7+ 47. Nf6+ Kh8 48. Qg4 1-0

[Event "C'Chartres Rapid&Blitz m"]
[Site "Europe-Echecs INT"]
[Date "2020.12.06"]
[Round "2"]
[White "Firouzja, Alireza"]
[Black "Ivanchuk, V."]
[Result "1-0"]
[WhiteElo "2749"]
[BlackElo "2678"]
[PlyCount "41"]
[EventDate "2020.12.06"]
[EventType "match (rapid)"]
[EventRounds "11"]
[SourceTitle "The Week in Chess 1361"]
[Source "Mark Crowther"]
[SourceDate "2020.12.07"]
[SourceVersion "1"]
[SourceVersionDate "2020.12.07"]
[SourceQuality "2"]

1. d4 Nf6 2. Bg5 e6 3. e4 c5 4. e5 h6 5. Bc1 Nh7 6. d5 d6 7. Nc3 a6 8. Nf3 dxe5
9. Nxe5 Nf6 10. Bc4 Bd6 11. dxe6 Bxe5 12. exf7+ Ke7 13. Qe2 Nc6 14. f4 Bg4 15.
Qe3 Qd4 16. fxe5 Nxe5 17. Nd5+ Nxd5 18. Qxd4 cxd4 19. Bxd5 d3 20. O-O dxc2 21.
b3 1-0

[Event "Titled Tuesday 23rd Feb"]
[Site "chess.com INT"]
[Date "2021.02.23"]
[Round "11"]
[White "Firouzja, Alireza"]
[Black "Iturrizaga, E."]
[Result "1-0"]
[WhiteElo "2749"]
[BlackElo "2607"]
[PlyCount "95"]
[EventDate "2021.02.23"]
[EventType "swiss (blitz)"]
[EventRounds "11"]
[SourceTitle "The Week in Chess 1373"]
[Source "Mark Crowther"]
[SourceDate "2021.03.01"]
[SourceVersion "1"]
[SourceVersionDate "2021.03.01"]
[SourceQuality "2"]

1. d4 Nf6 2. Bg5 d5 3. e3 Nbd7 4. c4 e6 5. Nc3 Be7 6. Bd3 O-O 7. cxd5 exd5 8.
Nge2 c6 9. O-O h6 10. Bh4 Re8 11. f3 b5 12. Bf2 b4 13. Na4 c5 14. dxc5 Nxc5 15.
Nxc5 Bxc5 16. Qd2 Qb6 17. Nd4 Bd7 18. Rac1 a5 19. Bb1 a4 20. Rfe1 Rac8 21. h3
Rc7 22. Bd3 Rec8 23. Bg3 Bd6 24. Bxd6 Rxc1 25. Rxc1 Rxc1+ 26. Qxc1 Qxd6 27. a3
bxa3 28. bxa3 Qb6 29. Qc3 Ne8 30. Kf2 Nd6 31. Ke2 Kf8 32. Kd2 Ke7 33. Nc2 Kf8
34. Nb4 Be6 35. Qd4 Qa5 36. g4 Nc4+ 37. Bxc4 dxc4 38. f4 f5 39. g5 hxg5 40.
fxg5 Qc7 41. Kc3 Kf7 42. h4 Qg3 43. Nc2 Qh2 44. Qa7+ Kg6 45. Qb6 Qe5+ 46. Nd4
Qxe3+ 47. Kb4 Qd2+ 48. Kc5 1-0

[Event "Titled Tuesday 23rd Feb"]
[Site "chess.com INT"]
[Date "2021.02.23"]
[Round "5"]
[White "Firouzja, Alireza"]
[Black "Jobava, Ba"]
[Result "1-0"]
[WhiteElo "2749"]
[BlackElo "2603"]
[PlyCount "31"]
[EventDate "2021.02.23"]
[EventType "swiss (blitz)"]
[EventRounds "11"]
[SourceTitle "The Week in Chess 1373"]
[Source "Mark Crowther"]
[SourceDate "2021.03.01"]
[SourceVersion "1"]
[SourceVersionDate "2021.03.01"]
[SourceQuality "2"]

1. d4 Nf6 2. Bg5 e6 3. e4 h6 4. Bxf6 Qxf6 5. Nc3 d6 6. Qd2 c6 7. f4 e5 8. dxe5
dxe5 9. fxe5 Qg5 10. Qxg5 hxg5 11. Bc4 Bb4 12. Nf3 Bxc3+ 13. bxc3 Nd7 14. O-O
g4 15. Ng5 Nxe5 16. Nxf7 1-0

[Event "Bundesliga 9697"]
[Site "Germany"]
[Date "1997.??.??"]
[Round "?.2"]
[White "Gabriel, Christian"]
[Black "Schlosser, Philipp"]
[Result "1-0"]
[WhiteElo "2570"]
[BlackElo "2560"]
[PlyCount "73"]
[EventDate "1996.10.12"]
[EventType "team-tourn"]
[EventRounds "15"]
[EventCountry "GER"]
[SourceTitle "GER-chT"]
[Source "ChessBase"]
[SourceDate "1999.07.01"]
[SourceVersion "1"]
[SourceVersionDate "1999.07.01"]
[SourceQuality "1"]
[WhiteTeam "Solingen"]
[BlackTeam "Passau"]
[WhiteTeamCountry "GER"]
[BlackTeamCountry "GER"]

1. d4 Nf6 2. Bg5 e6 3. e4 h6 4. Bxf6 Qxf6 5. Nc3 d6 6. Qd2 c6 7. f4 e5 8. dxe5
dxe5 9. f5 g6 10. Bd3 Nd7 11. Nf3 h5 12. fxg6 fxg6 13. O-O Bh6 14. Qe1 O-O 15.
Bc4+ Kg7 16. Nd4 exd4 17. Rxf6 Nxf6 18. Nd1 b5 19. Bd3 Bg4 20. e5 Nd5 21. Qe4
Rf5 22. e6 Rf6 23. h3 Bxe6 24. Qxd4 Re8 25. Kh1 b4 26. c4 Bf7 27. Be4 c5 28.
Qd3 Nf4 29. Qc2 Ne6 30. Qd3 Nd4 31. Kg1 Rf4 32. Nf2 Rd8 33. Bd5 Bxd5 34. cxd5
c4 35. Qe3 Rxd5 36. Rd1 Nf5 37. Qxa7+ 1-0

[Event "EU-Cup 21st"]
[Site "Saint Vincent"]
[Date "2005.09.22"]
[Round "5.2"]
[White "Gallagher, Joseph G"]
[Black "Nedev, Trajce"]
[Result "1-0"]
[WhiteElo "2544"]
[BlackElo "2530"]
[Annotator "Postny,E"]
[PlyCount "51"]
[EventDate "2005.09.18"]
[EventType "team-swiss"]
[EventRounds "7"]
[EventCountry "ITA"]
[SourceTitle "CBM 110"]
[Source "ChessBase"]
[SourceDate "2006.01.31"]
[SourceVersion "1"]
[SourceVersionDate "2006.01.31"]
[SourceQuality "1"]
[WhiteTeam "Biel"]
[BlackTeam "Skopje"]
[WhiteTeamCountry "SUI"]
[BlackTeamCountry "MKD"]

1. d4 Nf6 2. Bg5 Ne4 3. Bf4 c5 4. f3 Nf6 5. dxc5 Qa5+ 6. Qd2 Qxc5 7. e4 d6 8.
Nc3 a6 {This pawn structure is very typical for a Sicilian Najdorf. So, it's
quite obvious that all the games played in this line lead to a sharp battle.}
9. O-O-O Nbd7 (9... e5 10. Be3 Qc7 11. g4 Be6 12. g5 Nfd7 13. Nd5 Bxd5 14. Qxd5
Be7 15. Ne2 Nc6 16. Nc3 Nd4 17. Bxd4 Bxg5+ 18. Kb1 Nf6 19. Qb3 exd4 20. Qa4+
Kf8 21. Qxd4 $16 {1-0 Zhang Zhong (2599)-Wang Yaoyao (2456)/Jinan 2005/CBM 106
ext (34)}) 10. g4 {Starting a common kingside offensive. Black's main problem
is the uncastled king...} (10. Nge2 b5 11. Nd4 Bb7 12. Kb1 Rc8 13. a3 g6 14.
Be3 Qc7 15. Be2 h5 16. Rhe1 Bg7 17. Bf1 Ne5 18. h3 Nc4 19. Bxc4 Qxc4 $132 {
0-1 Landenbergue,C (2430)-Cebalo,M (2495)/Geneve 1996/CBM 051 ext (44)}) 10...
h6 11. h4 (11. Nge2 b5 12. Ng3 Bb7 13. Kb1 Ne5 14. Bxe5 dxe5 15. Nh5 Bc6 16.
Nxf6+ gxf6 17. Nd5 Bxd5 18. Qxd5 Qxd5 19. exd5 h5 20. h4 Bh6 21. Bd3 Kd7 22.
Bf5+ Kd6 $15 {0-1 Grigore,G (2486)-Marin,M (2551)/Eforie Nord 2002/EXT 2003 
(56)}) 11... b5 $146 (11... Ne5 12. Kb1 Be6 13. Nd5 Bxd5 14. exd5 g6 15. Be3
Qc7 16. Be2 Bg7 17. Nh3 Rc8 18. c3 Nc4 19. Bxc4 Qxc4 20. Nf2 h5 21. g5 Nd7 $13
{1/2-1/2 Moiseenko,A (2618)-Gersov,E (2352)/Kapuskasing 2003/CBM 095 ext (50)})
12. Be3 Qc7 13. Nh3 Nb6 $2 {[%mdl 8192] A glaring blunder.} ({A possible
continuation might be:} 13... Ne5 14. Be2 e6 15. g5 hxg5 16. hxg5 Nfd7 17. Nf4
Rxh1 18. Rxh1 Bb7 $14) {[%tqu "En","White has an opportunity to get decisive
advantage. How?","","","e4e5","",10]} 14. e5 $1 $18 b4 (14... dxe5 15. Bxb5+
Nbd7 16. Ba4 {followed by 17.g5+-.}) (14... Nfd7 15. exd6 exd6 16. Bd4 $40 {
[%csl Re8]}) 15. exf6 bxc3 16. Qd4 $1 {[%csl Rb6,Rg7] This was probably the
move black overlooked. Double threat on b6 and g7 decides the game on the spot.
} Qc5 17. b4 $1 e5 18. bxc5 exd4 19. Bxd4 {White is winning a piece and few
more pawns for nothing. It wasn't too late to resign here. I guess black
continued the game for a while only because it was a team competition...} Na4
20. fxg7 Bxg7 21. Bxg7 Rg8 22. Bf6 Be6 23. Rxd6 Rg6 24. Be5 Bxa2 25. Rxg6 fxg6
26. Bd3 1-0

[Event "Titled Tuesday 27th Oct"]
[Site "chess.com INT"]
[Date "2020.10.27"]
[Round "2"]
[White "Gareev, T."]
[Black "Tsydypov, Z."]
[Result "1-0"]
[WhiteElo "2606"]
[BlackElo "2558"]
[PlyCount "145"]
[EventDate "2020.10.27"]
[EventType "swiss (blitz)"]
[EventRounds "11"]
[SourceTitle "The Week in Chess 1356"]
[Source "Mark Crowther"]
[SourceDate "2020.11.02"]
[SourceVersion "1"]
[SourceVersionDate "2020.11.02"]
[SourceQuality "2"]

1. d4 Nf6 2. Bg5 e6 3. Nd2 d5 4. e3 c5 5. c3 Nc6 6. f4 Qb6 7. Rb1 Be7 8. Ngf3
Ng4 9. Bxe7 Nxe7 10. e4 Ne3 11. Qe2 cxd4 12. Nxd4 Nxf1 13. Rxf1 O-O 14. e5 Bd7
15. Kf2 Nf5 16. N2f3 a6 17. Rfe1 Rac8 18. Qd2 Ne7 19. Kg1 Qc5 20. h3 b5 21. Kh2
a5 22. a3 Qb6 23. Qe3 Kh8 24. b4 axb4 25. axb4 Rc7 26. Nb3 Qxe3 27. Rxe3 Ra8
28. Nfd4 Ng6 29. Nc5 Kg8 30. Rf1 Be8 31. f5 exf5 32. Nxf5 Rca7 33. Nd6 Re7 34.
Rfe1 Rd8 35. Nf5 Ra7 36. e6 fxe6 37. Nxe6 Rb8 38. Nexg7 Bd7 39. Ne6 Bxe6 40.
Rxe6 Rc7 41. R1e3 Rf8 42. Nd4 Rf2 43. Nxb5 Rg7 44. Re8+ Kf7 45. Kg1 Rxg2+ 46.
Kxg2 Ne7+ 47. Rg3 Rxg3+ 48. Kxg3 Kxe8 49. Kf4 Kd7 50. Ke5 Ng6+ 51. Kf5 Kc6 52.
Nd4+ Kd6 53. Nf3 Ne7+ 54. Kg5 Ng8 55. h4 Kc6 56. Nd4+ Kd6 57. Nf5+ Kc6 58. h5
Kb5 59. Nd4+ Kc4 60. b5 Kc5 61. Kf5 Kd6 62. b6 Nh6+ 63. Kf6 Ng4+ 64. Kg7 h6 65.
Kg6 Kd7 66. Nf5 Kc6 67. Nxh6 Ne5+ 68. Kf5 Nd7 69. Nf7 Kxb6 70. Ne5 Nf8 71. h6
Kc5 72. Nd7+ Nxd7 73. h7 1-0

[Event "PRO League Pacific"]
[Site "chess.com INT"]
[Date "2017.01.25"]
[Round "3"]
[White "Gareyev, Timur"]
[Black "Shabalov, Alexander"]
[Result "1-0"]
[WhiteElo "2617"]
[BlackElo "2563"]
[PlyCount "43"]
[EventDate "2017.01.11"]
[EventType "team-swiss (rapid)"]
[EventRounds "7"]
[EventCountry "USA"]
[SourceTitle "CBM 176 Extra"]
[Source "ChessBase"]
[SourceDate "2017.03.02"]
[SourceVersion "1"]
[SourceVersionDate "2017.03.02"]
[SourceQuality "1"]
[WhiteTeam "Las Vegas Desert Rats"]
[BlackTeam "Pittsburgh Pawngrabbers"]
[WhiteTeamCountry "USA"]
[BlackTeamCountry "USA"]

1. d4 Nf6 2. Bg5 d5 3. Nd2 c5 4. dxc5 Nc6 5. c3 a5 6. Ngf3 e6 7. e4 Bxc5 8. Bd3
h6 9. Bh4 g5 10. Bg3 Nh5 11. exd5 Nxg3 12. hxg3 g4 13. dxc6 Qxd3 14. Qa4 gxf3
15. cxb7+ Ke7 16. bxc8=N+ Raxc8 17. Nxf3 Bb4 18. Rd1 Qe4+ 19. Kf1 Rhd8 20. Rh4
Qf5 21. cxb4 Rd3 22. Rd4 1-0

[Event "London Crouch op"]
[Site "London"]
[Date "2016.04.10"]
[Round "9"]
[White "Gareyev, Timur"]
[Black "Berkes, Ferenc"]
[Result "1-0"]
[WhiteElo "2611"]
[BlackElo "2644"]
[PlyCount "107"]
[EventDate "2016.04.02"]
[EventType "swiss"]
[EventRounds "9"]
[EventCountry "ENG"]
[SourceTitle "CBM 171 Extra"]
[Source "ChessBase"]
[SourceDate "2016.04.26"]
[SourceVersion "1"]
[SourceVersionDate "2016.04.26"]
[SourceQuality "1"]

1. d4 Nf6 2. Bg5 e6 3. e4 h6 4. Bxf6 Qxf6 5. Nc3 d6 6. Qd2 c6 7. O-O-O e5 8.
Nge2 g6 9. f4 Bg7 10. h3 h5 11. g3 h4 12. g4 exf4 13. e5 Qd8 14. exd6 Bh6 15.
Rg1 Be6 16. Ne4 Bd5 17. g5 Bxe4 18. Qxf4 Bf5 19. gxh6 Nd7 20. Nc3 Qf6 21. Re1+
Kf8 22. Re7 Rd8 23. Bc4 Rh7 24. Rf1 b5 25. Bb3 a6 26. Ne4 Bxe4 27. Qxf6 Nxf6
28. Rxf6 Bd5 29. Bxd5 cxd5 30. Ra7 Kg8 31. Kd2 Rxh6 32. Rfxf7 Rxd6 33. Rfb7 Rf6
34. Rb8+ Rf8 35. Rxf8+ Kxf8 36. Rxa6 Kg7 37. Rb6 Rh5 38. Rxb5 Rg5 39. a4 Rg2+
40. Ke3 Rg3+ 41. Kf4 g5+ 42. Kf5 g4 43. Rb7+ Kg8 44. Rb8+ Kg7 45. Rb7+ Kg8 46.
a5 gxh3 47. a6 Rf3+ 48. Kg6 h2 49. a7 Rf8 50. Rg7+ Kh8 51. Rh7+ Kg8 52. Rxh4
Ra8 53. Rxh2 Rxa7 54. Kf6 1-0

[Event "Calvia ol (Men)"]
[Site "Mallorca"]
[Date "2004.10.28"]
[Round "13"]
[White "Georgiev, Vladimir"]
[Black "Palo, Davor"]
[Result "1-0"]
[WhiteElo "2512"]
[BlackElo "2526"]
[Annotator "Postny,E"]
[PlyCount "67"]
[EventDate "2004.10.15"]
[EventType "team-swiss"]
[EventRounds "14"]
[EventCountry "ESP"]
[SourceTitle "CBM 104"]
[Source "ChessBase"]
[SourceDate "2005.01.27"]
[SourceVersion "1"]
[SourceVersionDate "2005.01.27"]
[SourceQuality "1"]
[WhiteTeam "Macedonia"]
[BlackTeam "Denmark"]
[WhiteTeamCountry "MKD"]
[BlackTeamCountry "DEN"]

1. d4 Nf6 2. Bg5 e6 3. Nd2 {This setup is very solid, though this way white
can not really pretend for the opening advantage.} ({More principled
continuation is} 3. e4) 3... h6 4. Bh4 c5 5. e3 cxd4 {It is also possible to
keep the tension in the centre by playing 5...d5 or 5...Nc6.} 6. exd4 Be7 7.
Ngf3 b6 8. Bd3 Bb7 9. Bxf6 $5 {A typical exchange in this kind of positions.
White giving his opponent the pair of bishops, but eliminating the knight that
protects black's king.} (9. O-O O-O 10. Bxf6 Bxf6 11. Be4 Qc7 12. Re1 Be7 13.
Bxb7 Qxb7 14. Nc4 Nc6 15. d5 Nb4 16. Ne3 Bf6 17. c3 Nxd5 18. Nxd5 exd5 19. Re2
b5 20. Rd2 b4 21. cxb4 Qxb4 22. Rb1 $11 {1/2-1/2 Miles,A-Kasparov,G/Horgen
1994/CBM 43 (52)}) 9... Bxf6 10. Qe2 d5 $6 $146 {[%mdl 16384] An obvious move,
but from the strategical point of view a dubious one. In general, after this
move the character of the position is more closed, which is not in black's
favour who has pair of bishops. The Bb7 is now passive and black have to spend
some time to exchange it. Moreover, the move in the text weakens the e5 square,
which can be used by white in the forthcoming fight.} ({More logical is} 10...
d6 11. O-O-O Nd7 12. Kb1 Qc7 $11 {1/2-1/2 Kovacevic,B-Cebalo,M/Bizovac 2002/
CBM 86 ext (34)}) 11. c3 Nd7 $6 ({More to the point would have been} 11... O-O
12. O-O Qc8 {[%cal Gb7a6] intending to exchange the passive bishop.}) 12. a4
Qc7 13. O-O O-O 14. Rfe1 {White is intending to put his knight on e5. Black
has no clear plan.} g6 15. Ne5 Nxe5 {This exchange is favourable for white,
however, it's very hard to point out a significant improvement. Black can not
tolerate the white knight on e5 for long anyway.} 16. dxe5 Bg7 17. Nf3 Bc6 $6 (
{It looks like} 17... d4 $5 18. Nxd4 Rfd8 {was the last practical chance.}) 18.
Nd4 {[%csl Rc6,Gd4] The difference between the white knight and black's
passive light-squared bishop is amazing! Black is strategically lost.} Bd7 19.
f4 Qc5 20. Kh1 {White's plan is to create an attack on against the black king
using his space advantage on that side of the board. Black has no counterplay
at all.} Rac8 21. Qg4 Qe7 22. Re3 Rc5 23. Qe2 Ra8 24. g4 {The beginning of the
decisive attack.} Re8 {Preparing to meet 25.f5 with exf5 attacking the Pe5.}
25. Re1 $1 {The Pa4 has no significance, while the f4-f5 is now inevitable.}
Bxa4 26. f5 Qg5 (26... exf5 27. gxf5 f6 28. e6 g5 29. Ra1 Bc6 30. Nxc6 Rxc6 31.
Bb5 $18) 27. f6 Bf8 28. Qf2 {[%csl Rg5][%cal Gh2h4] Black's queen is trapped.}
Rc4 29. h4 Qxg4 30. Rg1 Rxd4 31. cxd4 {Of course, this is much stronger than
capturing the queen. The following strike on g6 finishes black off.} Qxd4 32.
Rxg6+ $1 fxg6 33. f7+ Kh7 34. Bxg6+ $1 (34. Bxg6+ Kxg6 35. Rg3+ {[%csl Rd4]
both winning the queen and mating.}) 1-0